Detalles MARC
| 000 -CABECERA |
| campo de control de longitud fija |
01702nam a2200265 a 4500 |
| 001 - NÚMERO DE CONTROL |
| campo de control |
000038472 |
| 003 - IDENTIFICADOR DEL NÚMERO DE CONTROL |
| campo de control |
DO-SdBNP |
| 005 - FECHA Y HORA DE LA ÚLTIMA TRANSACCIÓN |
| campo de control |
20260321073642.0 |
| 007 - CAMPO FIJO DE DESCRIPCIÓN FÍSICA--INFORMACIÓN GENERAL |
| campo de control de longitud fija |
ta |
| 008 - DATOS DE LONGITUD FIJA--INFORMACIÓN GENERAL |
| campo de control de longitud fija |
130412s1989 dr 000 0 spa d |
| 040 ## - FUENTE DE LA CATALOGACIÓN |
| Centro catalogador/agencia de origen |
DO-SdBNP |
| Lengua de catalogación |
spa |
| Centro/agencia transcriptor |
BNPHU |
| 082 #4 - NÚMERO DE LA CLASIFICACIÓN DECIMAL DEWEY |
| Número de clasificación |
RD863.44 |
| Número de documento/Ítem |
R789n |
| 100 1# - ENTRADA PRINCIPAL--NOMBRE DE PERSONA |
| Nombre de persona |
Rosario Candelier, Bruno, |
| Fechas asociadas al nombre |
1941- |
| 9 (RLIN) |
851 |
| 245 13 - MENCIÓN DE TÍTULO |
| Título |
La narrativa de Juan Bosch / |
| Mención de responsabilidad, etc. |
Bruno Rosario Candelier. |
| 260 ## - PUBLICACIÓN, DISTRIBUCIÓN, ETC. |
| Lugar de publicación, distribución, etc. |
Santo Domingo : |
| Nombre del editor, distribuidor, etc. |
Alfa & Omega, |
| Fecha de publicación, distribución, etc. |
1989. |
| 300 ## - DESCRIPCIÓN FÍSICA |
| Extensión |
275 p. ; |
| Dimensiones |
21 cm. |
| 504 ## - NOTA DE BIBLIOGRAFÍA, ETC. |
| Nota de bibliografía, etc. |
Bibliografía : p. 22-26 |
| 505 0# - NOTA DE CONTENIDO CON FORMATO |
| Nota de contenido con formato |
Presentación -- |
| Título |
Datos bio-bibliográficos de Juan Bosch -- |
| -- |
Semblanzas literaria de Juan Bosch -- |
| -- |
El aspecto social en la cuentística -- |
| -- |
Bosch, el exilio y la literatura -- |
| -- |
Recursos, actitudes y motivos narrativos -- |
| -- |
técnica y temática de una cuentística -- |
| -- |
El trasfondo sociocultural de la materia narrativa -- |
| -- |
El trasfondo formal de la materia narrativa -- |
| -- |
¨La Mujer¨, un cuento criollista -- |
| -- |
¨El Difunto estaba vivo¨, un relato mágico-realista -- |
| -- |
La Mañosa, una novela socio-realista -- |
| -- |
El Oro y la paz, una novela de carácter filosófico-- |
| -- |
Juan Bosch, ¨La Mujer¨ y sus connotaciones -- |
| -- |
Margarita Fernández : La cuentística de Juan Bosch -- |
| -- |
Entrevista con Juan Bosch -- |
| -- |
Bruno Rosario Candelier, ¨La Mujer¨y la crítica literaria / |
| Mención de responsabilidad |
Por Juan Bosch -- |
| Título |
La literatura y la crítica literaria, por Juan Bosch -- |
| -- |
Conclusión. |
| 590 ## - NOTA LOCAL (RLIN) |
| Nota local |
Inventariado, 2020/VM |
| 600 10 - PUNTO DE ACCESO ADICIONAL DE MATERIA--NOMBRE DE PERSONA |
| Nombre de persona |
Bosch, Juan, |
| Fechas asociadas al nombre |
1909-2001 |
| Subdivisión general |
Crítica y interpretación |
| 9 (RLIN) |
76555 |
| 650 #4 - PUNTO DE ACCESO ADICIONAL DE MATERIA--TÉRMINO DE MATERIA |
| Término de materia o nombre geográfico como elemento de entrada |
Literatura domincana |
| Subdivisión general |
Crítica e interpretación |
| 9 (RLIN) |
33212 |
| 700 1# - PUNTO DE ACCESO ADICIONAL--NOMBRE DE PERSONA |
| Nombre de persona |
Bosch, Juan, |
| Fechas asociadas al nombre |
1909-2001 |
| 9 (RLIN) |
76555 |
| 910 ## - DATOS DE OPCIÓN DEL USUARIO (OCLC) |
| Datos de opción del usuario |
Validado. Control de calidad MFF |
| 942 ## - ELEMENTOS DE PUNTO DE ACCESO ADICIONAL (KOHA) |
| Fuente del sistema de clasificación o colocación |
Dewey Decimal Classification |
| Tipo de ítem Koha |
Libro |